Govt. of
Madhya Pradesh

Indian Economy (Record no. 66214)

MARC details
000 -LEADER
fixed length control field 00323nam a22001217a 4500
082 ## - DEWEY DECIMAL CLASSIFICATION NUMBER
Classification number 330/SIN
100 ## - MAIN ENTRY--AUTHOR NAME
Personal name Singhania, Nitin
245 ## - TITLE STATEMENT
Title Indian Economy
Sub Title For UPSC and State civil services examination
250 ## - EDITION STATEMENT
Edition statement 4TH Edition
260 ## - PUBLICATION, DISTRIBUTION, ETC. (IMPRINT)
Place of publication Chennai
Name of publisher MC Graw Hill Education
Year of publication 2023
650 ## - SUBJECT ADDED ENTRY--TOPICAL TERM
Topical Term Economy
942 ## - ADDED ENTRY ELEMENTS (KOHA)
Koha item type Books
Holdings
Withdrawn status Lost status Damaged status Not for loan Home library Current library Date acquired Cost, normal purchase price Full call number Accession Number Price effective from Koha item type
        MACL MACL 25/10/2023 765.00 330/SIN DPI001539 25/10/2023 Books